| 000 | 00468nam a22001457a 4500 | ||
|---|---|---|---|
| 003 | SGT | ||
| 082 |
_a617.69 _bT23K |
||
| 100 | _aKusum | ||
| 245 |
_aTo evaluate & compare the stress distribution on Dental Implants in all-on-four situation in atrophic mandible with change in superstructure materials _bA FEA Study |
||
| 260 |
_aGurugram, Haryana _bSGT University _c2023 |
||
| 300 | _a97 | ||
| 650 | _aProsthodontics | ||
| 653 | _aProsthodontics | ||
| 942 |
_2ddc _cTH |
||
| 999 |
_c25631 _d25631 |
||